00283nam a2200121Ia 4500008004100000082001800041100001500059245003400074250000800108260002900116300000800145650000800153191201s2007 xx 000 0 und d a331.0954bSEI aSEN, Ratna 0aIndustrial Relations in India a1st aN.DelhibMacmillanc2007 a507 aMBA